Where are the popes from ? - Statistics

General Stats
  • This quiz has been taken 7 times
  • The average score is 11 of 17
Answers on the Map
Answers color-coded by a green-red scale on the quiz's map according to % correct below.
 
Answer Stats
Answer % Correct
Argentina
100%
Austria
86%
France
86%
Germany
86%
Italy/vatican
86%
Poland
86%
Portugal
86%
Türkiye
86%
USA
86%
Greece
71%
Netherlands
71%
Syria
57%
Tunisia (West Lybia and east Algeria)
57%
United Kingdom
14%
Croatia
0%
Israel/Palestine
0%
Spain
0%
No matching quizzes found
Score Distribution
Percent of People with Each Score
Percentile by Number Answered
Your Score History
You have not taken this quiz